[Event "Montreal Mercredi 05"]
[Site "Montreal"]
[Date "2019.05.29"]
[Round "4"]
[White "O'Connor, Michael"]
[Black "Autotte, Daniel"]
[Result "1-0"]
[WhiteElo "1750"]
[BlackElo "1727"]
[PlyCount "97"]
[EventDate "2019.05.08"]
[EventType "swiss"]
[EventRounds "5"]
[EventCountry "CAN"]
[SourceTitle "EXT 2022"]
[Source "ChessBase"]
[SourceDate "2021.10.06"]
[SourceVersion "1"]
[SourceVersionDate "2021.10.06"]
[SourceQuality "1"]

1. d4 d5 2. c4 c6 3. Nf3 Nf6 4. Bg5 Ne4 5. Bf4 e6 6. Nfd2 f5 7. a3 a5 8. Qc2 Be7 9. f3 Nxd2 10. Nxd2 0-0 11. e3 Nd7 12. Bd3 Nf6 13. Bg3 Nh5 14. Bf2 g6 15. 0-0 b6 16. cxd5 cxd5 17. Rac1 Ba6 18. Bxa6 Rxa6 19. Qc7 Ra8 20. Qxd8 Bxd8 21. Rc6 Kf7 22. Rfc1 g5 23. Nb1 Nf6 24. Nc3 Be7 25. Nb5 Bd8 26. Bg3 Ne8 27. Nd6+ Nxd6 28. Bxd6 Re8 29. Kf2 h6 30. Ke2 Ra7 31. Kd3 Rb7 32. b4 Be7 33. Rc7 Rxc7 34. Rxc7 axb4 35. Bxb4 Kf6 36. Kc3 Bd8 37. Rc8 e5 38. Bd6 exd4+ 39. Kxd4 Ke6 40. Be5 Kd7 41. Ra8 Kc6 42. Rc8+ Kd7 43. Rc3 b5 44. Kxd5 Bb6 45. Bd4 Ba5 46. Rc5 Bc7 47. h3 Rb8 48. Rxc7+ Kxc7 49. Be5+ 1-0

[Event "Montreal Mercredi 05"]
[Site "Montreal"]
[Date "2019.05.24"]
[Round "5"]
[White "Alcantara, Maximo Jr"]
[Black "O'Connor, Michael"]
[Result "1-0"]
[WhiteElo "1706"]
[BlackElo "1750"]
[PlyCount "35"]
[EventDate "2019.05.08"]
[EventType "swiss"]
[EventRounds "5"]
[EventCountry "CAN"]
[SourceTitle "EXT 2022"]
[Source "ChessBase"]
[SourceDate "2021.10.06"]
[SourceVersion "1"]
[SourceVersionDate "2021.10.06"]
[SourceQuality "1"]

1. Nf3 d5 2. d4 Nf6 3. g3 g6 4. Bg2 Bg7 5. c3 0-0 6. 0-0 c6 7. Re1 Nbd7 8. Nbd2 Qc7 9. e4 dxe4 10. Nxe4 Nxe4 11. Rxe4 e5 12. dxe5 Nxe5 13. Nxe5 Bxe5 14. Qe1 Bd6 15. Bh6 Rd8 16. Re8+ Bf8 17. Bxf8 Be6 18. Bd6+ 1-0

[Event "Montreal Mercredi 08"]
[Site "Montreal"]
[Date "2018.09.26"]
[Round "5"]
[White "O'Connor, Michael"]
[Black "Templonuevo, Mark Geryl"]
[Result "0-1"]
[WhiteElo "1804"]
[BlackElo "1866"]
[PlyCount "40"]
[EventDate "2018.08.29"]
[EventType "swiss"]
[EventRounds "5"]
[EventCountry "CAN"]
[SourceTitle "EXT 2022"]
[Source "ChessBase"]
[SourceDate "2021.10.06"]
[SourceVersion "1"]
[SourceVersionDate "2021.10.06"]
[SourceQuality "1"]

1. d4 d5 2. Nf3 Nf6 3. c4 c6 4. Nc3 dxc4 5. a4 Bf5 6. e3 e6 7. Bxc4 Bb4 8. Bd2 g5 9. Na2 Bxd2+ 10. Nxd2 Qb6 11. Qb3 Qc7 12. Bd3 Bg6 13. Qc2 Nbd7 14. Ne4 0-0-0 15. Nxg5 Qa5+ 16. b4 Qxg5 17. b5 Qxg2 18. bxc6 Qxh1+ 19. Kd2 Qxc6 20. Qb3 Nc5 0-1

[Event "Montreal Mercredi 08"]
[Site "Montreal"]
[Date "2018.09.19"]
[Round "4"]
[White "Biakolo, Lima"]
[Black "O'Connor, Michael"]
[Result "1/2-1/2"]
[WhiteElo "1912"]
[BlackElo "1804"]
[PlyCount "72"]
[EventDate "2018.08.29"]
[EventType "swiss"]
[EventRounds "5"]
[EventCountry "CAN"]
[SourceTitle "EXT 2022"]
[Source "ChessBase"]
[SourceDate "2021.10.06"]
[SourceVersion "1"]
[SourceVersionDate "2021.10.06"]
[SourceQuality "1"]

1. e4 c5 2. Nf3 Nc6 3. d4 cxd4 4. Nxd4 Nf6 5. Nc3 e5 6. Nf5 d5 7. exd5 Bxf5 8. dxc6 Qxd1+ 9. Nxd1 bxc6 10. Ne3 Bg6 11. Ba6 Rd8 12. 0-0 Bd6 13. c3 Nd7 14. Bb7 Nb8 15. Nc4 Bc7 16. Re1 0-0 17. Be3 Bd3 18. Na3 Bb6 19. Bxb6 axb6 20. Rxe5 Rd7 21. Ba8 Ra7 22. Bxc6 Nxc6 23. Rd5 Ba6 24. b4 Ne7 25. Rd6 Nc8 26. Rd4 Be2 27. Nb1 b5 28. Nd2 Nb6 29. f3 h6 30. Kf2 Bc4 31. Nxc4 bxc4 32. a4 Rxa4 33. Rxa4 Nxa4 34. Rxc4 Rb8 35. Ke3 Nxc3 36. Rxc3 Rxb4 1/2-1/2

[Event "Montreal Mercredi 11"]
[Site "Montreal"]
[Date "2017.12.06"]
[Round "4"]
[White "O'Connor, Michael"]
[Black "Beaulieu, Pierre"]
[Result "0-1"]
[WhiteElo "1822"]
[BlackElo "1831"]
[PlyCount "66"]
[EventDate "2017.11.15"]
[EventType "swiss"]
[EventRounds "5"]
[EventCountry "CAN"]
[SourceTitle "EXT 2022"]
[Source "ChessBase"]
[SourceDate "2021.10.06"]
[SourceVersion "1"]
[SourceVersionDate "2021.10.06"]
[SourceQuality "1"]

1. d4 Nf6 2. Nf3 g6 3. c4 c5 4. d5 b5 5. cxb5 a6 6. Nc3 d6 7. e4 Nbd7 8. h3 Bg7 9. Be3 0-0 10. Qd2 axb5 11. Bxb5 Qa5 12. Be2 Rb8 13. Rb1 Ba6 14. Bxa6 Qxa6 15. Qe2 Qa5 16. 0-0 Rb7 17. Rfc1 Rfb8 18. Qc2 Ne8 19. Bg5 Nb6 20. Nd2 Qa6 21. Be3 Bd4 22. Nd1 Qe2 23. Nb3 Qxc2 24. Rxc2 Bxe3 25. Nxe3 Ra8 26. Nc1 Ra4 27. f3 Nc7 28. b3 Rd4 29. Rbb2 Nb5 30. Kf2 Na3 31. Rc3 Na4 32. Rd3 Nxb2 33. Rc3 Nd1+ 0-1

[Event "Montreal Mercredi 10"]
[Site "Montreal"]
[Date "2017.11.08"]
[Round "5"]
[White "O'Connor, Michael"]
[Black "Jia, Zhe"]
[Result "1-0"]
[WhiteElo "1802"]
[BlackElo "1823"]
[PlyCount "61"]
[EventDate "2017.10.11"]
[EventType "swiss"]
[EventRounds "5"]
[EventCountry "CAN"]
[SourceTitle "EXT 2022"]
[Source "ChessBase"]
[SourceDate "2021.10.06"]
[SourceVersion "1"]
[SourceVersionDate "2021.10.06"]
[SourceQuality "1"]

1. d4 d5 2. c4 c6 3. Nf3 Nf6 4. Nc3 dxc4 5. a4 Bf5 6. e3 e6 7. Bxc4 Bb4 8. 0-0 0-0 9. Qb3 Qb6 10. Na2 Be7 11. Nc3 Qxb3 12. Bxb3 a5 13. Ne5 Nbd7 14. Nxd7 Nxd7 15. e4 Bg6 16. Be3 e5 17. dxe5 Nxe5 18. Rfd1 Ng4 19. Bf4 Rfe8 20. h3 Nf6 21. e5 Ne4 22. Nxe4 Bxe4 23. Rd7 Kf8 24. g4 b5 25. Rb7 Rab8 26. Rxb8 Rxb8 27. e6 Rb7 28. exf7 bxa4 29. Be6 Rxb2 30. Rxa4 Bb4 31. Rxb4 1-0

[Event "Montreal Mercredi 10"]
[Site "Montreal"]
[Date "2017.10.11"]
[Round "1"]
[White "Gates, Claude Eric"]
[Black "O'Connor, Michael"]
[Result "1/2-1/2"]
[WhiteElo "1821"]
[BlackElo "1802"]
[PlyCount "29"]
[EventDate "2017.10.11"]
[EventType "swiss"]
[EventRounds "5"]
[EventCountry "CAN"]
[SourceTitle "EXT 2022"]
[Source "ChessBase"]
[SourceDate "2021.10.06"]
[SourceVersion "1"]
[SourceVersionDate "2021.10.06"]
[SourceQuality "1"]

1. e4 e5 2. Nf3 Nc6 3. c3 d5 4. Qa4 Qd6 5. exd5 Qxd5 6. Bc4 Qe4+ 7. Kd1 Be6 8. Bb5 Qxa4+ 9. Bxa4 Bg4 10. Re1 f6 11. d4 0-0-0 12. Bxc6 bxc6 13. Re4 Bf5 14. Re2 Bg4 15. Re4 1/2-1/2

[Event "Montreal Mercredi 08"]
[Site "Montreal"]
[Date "2017.09.20"]
[Round "4"]
[White "Vignalou, Joseph"]
[Black "O'Connor, Michael"]
[Result "0-1"]
[WhiteElo "1805"]
[BlackElo "1758"]
[PlyCount "66"]
[EventDate "2017.08.30"]
[EventType "swiss"]
[EventRounds "5"]
[EventCountry "CAN"]
[SourceTitle "EXT 2022"]
[Source "ChessBase"]
[SourceDate "2021.10.06"]
[SourceVersion "1"]
[SourceVersionDate "2021.10.06"]
[SourceQuality "1"]

1. e4 c5 2. Nf3 Nc6 3. Bb5 g6 4. 0-0 Bg7 5. Re1 e6 6. c3 Nge7 7. d4 cxd4 8. cxd4 d5 9. e5 0-0 10. Nc3 Bd7 11. Bg5 h6 12. Bh4 a6 13. Bf1 Qc7 14. Rc1 Nf5 15. Bf6 Bxf6 16. exf6 Qd8 17. g4 Nd6 18. Ne5 Ne8 19. g5 hxg5 20. Qg4 Nxf6 21. Qxg5 Nh7 22. Qh6 Nxd4 23. Bd3 Be8 24. Re3 Qg5+ 25. Qxg5 Nxg5 26. h4 Nh7 27. h5 gxh5 28. Kh1 f6 29. Rg1+ Kh8 30. Ng6+ Bxg6 31. Rxg6 Rg8 32. Rh6 Rg7 33. Rxh5 f5 0-1

[Event "Montreal Mercredi 05"]
[Site "Montreal"]
[Date "2017.05.17"]
[Round "2"]
[White "O'Connor, Michael"]
[Black "Barko, Maxim"]
[Result "1/2-1/2"]
[WhiteElo "1765"]
[BlackElo "1831"]
[PlyCount "43"]
[EventDate "2017.05.10"]
[EventType "swiss"]
[EventRounds "5"]
[EventCountry "CAN"]
[SourceTitle "EXT 2022"]
[Source "ChessBase"]
[SourceDate "2021.10.06"]
[SourceVersion "1"]
[SourceVersionDate "2021.10.06"]
[SourceQuality "1"]

1. Nf3 c5 2. c4 Nc6 3. Nc3 d6 4. g3 g6 5. Bg2 Bg7 6. 0-0 e5 7. e4 Nge7 8. d3 0-0 9. Ne1 f5 10. f4 Be6 11. Rb1 a6 12. Nf3 b5 13. Ng5 Bf7 14. exf5 gxf5 15. Nxf7 Rxf7 16. fxe5 dxe5 17. Be3 bxc4 18. dxc4 Qa5 19. Qa4 Rc8 20. Qxa5 Nxa5 21. b3 e4 22. Ne2 1/2-1/2

[Event "Montreal Mercredi 03"]
[Site "Montreal"]
[Date "2017.03.29"]
[Round "1"]
[White "O'Neill, Brendon"]
[Black "O'Connor, Michael"]
[Result "0-1"]
[WhiteElo "1752"]
[BlackElo "1713"]
[PlyCount "86"]
[EventDate "2017.03.29"]
[EventType "swiss"]
[EventRounds "5"]
[EventCountry "CAN"]
[SourceTitle "EXT 2022"]
[Source "ChessBase"]
[SourceDate "2021.10.06"]
[SourceVersion "1"]
[SourceVersionDate "2021.10.06"]
[SourceQuality "1"]

1. e4 c5 2. Nf3 Nc6 3. d4 cxd4 4. Nxd4 Nf6 5. Nc3 e5 6. Ndb5 d6 7. Bg5 a6 8. Na3 b5 9. Nd5 Be7 10. Bxf6 Bxf6 11. c3 Bg5 12. Nc2 Be6 13. Nce3 0-0 14. Bd3 Ne7 15. h4 Bxe3 16. Nxe3 f5 17. exf5 Nxf5 18. g4 Nxe3 19. fxe3 Qf6 20. Qe2 d5 21. g5 Qf3 22. Kd2 e4 23. Qxf3 Rxf3 24. Be2 Rf2 25. Rhf1 Rh2 26. Rf4 Bh3 27. a4 Rf8 28. Rxf8+ Kxf8 29. axb5 Bg4 30. Re1 axb5 31. h5 Bxh5 32. Kd1 Bxe2+ 33. Rxe2 Rxe2 34. Kxe2 Kf7 35. Kf2 Kg6 36. Kg2 Kxg5 37. Kg3 h5 38. b3 g6 39. b4 h4+ 40. Kh3 Kh5 41. Kh2 Kg4 42. Kg2 h3+ 43. Kh2 Kf3 0-1

[Event "Montreal Pere Noel U1800"]
[Site "Montreal"]
[Date "2016.12.27"]
[Round "2.5"]
[White "O'Connor, Michael"]
[Black "Forest, Jimmy2222"]
[Result "1/2-1/2"]
[WhiteElo "1639"]
[BlackElo "1529"]
[PlyCount "88"]
[EventDate "2016.12.26"]
[EventType "swiss"]
[EventRounds "5"]
[EventCountry "CAN"]
[SourceTitle "EXT 2022"]
[Source "ChessBase"]
[SourceDate "2021.10.06"]
[SourceVersion "1"]
[SourceVersionDate "2021.10.06"]
[SourceQuality "1"]

1. e4 Nc6 2. d4 e5 3. Nf3 exd4 4. c3 dxc3 5. Bc4 cxb2 6. Bxb2 Nf6 7. Nc3 Bb4 8. e5 d5 9. exf6 Qxf6 10. Qe2+ Be6 11. 0-0 Bxc3 12. Bxc3 Qxc3 13. Bxd5 Qf6 14. Rab1 0-0 15. Bxe6 Qxe6 16. Qxe6 fxe6 17. Rxb7 Rac8 18. Rc1 Rfd8 19. Kf1 Rd6 20. Ng5 e5 21. Ne4 Rd4 22. Rxc6 Rxe4 23. Rxa7 Rb4 24. a4 Rb1+ 25. Ke2 Rb2+ 26. Ke3 Rb3+ 27. Ke4 Rb6 28. Raxc7 Rxc7 29. Rxc7 Rb4+ 30. Kxe5 Rxa4 31. Rc2 g6 32. Rd2 Ra5+ 33. Ke4 Rf5 34. f3 Kg7 35. Rd5 Rf7 36. g4 Re7+ 37. Re5 Ra7 38. Kf4 Kf6 39. h4 h6 40. g5+ Kg7 41. Re4 Rf7+ 42. Kg3 Ra7 43. Re5 Rb7 44. Re6 Ra7 1/2-1/2

[Event "Montreal Mercredi 11"]
[Site "Montreal"]
[Date "2015.12.09"]
[Round "4"]
[White "O'Connor, Michael"]
[Black "Brassard, Sylvain"]
[Result "1/2-1/2"]
[WhiteElo "1681"]
[BlackElo "1771"]
[PlyCount "82"]
[EventDate "2015.11.18"]
[EventType "swiss"]
[EventRounds "5"]
[EventCountry "CAN"]
[SourceTitle "EXT 2022"]
[Source "ChessBase"]
[SourceDate "2021.10.06"]
[SourceVersion "1"]
[SourceVersionDate "2021.10.06"]
[SourceQuality "1"]

1. d4 d5 2. Nf3 Nf6 3. c4 e6 4. Nc3 Bb4 5. Bg5 Nbd7 6. e3 0-0 7. Qc2 c6 8. cxd5 exd5 9. Bd3 Qa5 10. Rc1 Re8 11. 0-0 Bxc3 12. Qxc3 Qxc3 13. Rxc3 Ne4 14. Bxe4 Rxe4 15. h3 Re6 16. Rfc1 Nb6 17. Bf4 Nc4 18. b3 Nd6 19. Bxd6 Rxd6 20. Ne5 Bf5 21. Nd3 Bxd3 22. Rxd3 f5 23. b4 a6 24. Rdc3 Rf6 25. a4 f4 26. b5 axb5 27. axb5 fxe3 28. fxe3 Ra2 29. bxc6 bxc6 30. R3c2 Rxc2 31. Rxc2 Kf7 32. Rf2 h5 33. g3 Rxf2 34. Kxf2 Kf6 35. Kf3 Kf5 36. g4+ hxg4+ 37. hxg4+ Kg5 38. Kg3 g6 39. Kh3 Kh6 40. Kg3 Kg5 41. Kh3 Kh6 1/2-1/2

[Event "Montreal Mercredi 11"]
[Site "Montreal"]
[Date "2015.11.18"]
[Round "1"]
[White "Gauthier, Luc"]
[Black "O'Connor, Michael"]
[Result "1/2-1/2"]
[WhiteElo "1772"]
[BlackElo "1681"]
[PlyCount "48"]
[EventDate "2015.11.18"]
[EventType "swiss"]
[EventRounds "5"]
[EventCountry "CAN"]
[SourceTitle "EXT 2022"]
[Source "ChessBase"]
[SourceDate "2021.10.06"]
[SourceVersion "1"]
[SourceVersionDate "2021.10.06"]
[SourceQuality "1"]

1. e4 e5 2. f4 exf4 3. Nf3 h6 4. d4 g5 5. Nc3 Bg7 6. g3 fxg3 7. hxg3 d6 8. Be3 Nc6 9. Qd2 Bg4 10. Bg2 Qd7 11. 0-0-0 0-0-0 12. Rdf1 Kb8 13. d5 Ne5 14. Nxe5 Bxe5 15. Qf2 a6 16. Qxf7 Rh7 17. Qxd7 Rhxd7 18. Bh3 Bxh3 19. Rxh3 Bg7 20. Ne2 Re7 21. Bd4 Rxe4 22. Bxg7 Rxe2 23. Bxh6 Nxh6 24. Rxh6 Rde8 1/2-1/2

[Event "Montreal Mercredi 04"]
[Site "Montreal"]
[Date "2014.04.09"]
[Round "2"]
[White "O'Connor, Michael"]
[Black "Abdelaal, Ibrahim"]
[Result "1/2-1/2"]
[WhiteElo "1738"]
[BlackElo "1748"]
[PlyCount "156"]
[EventDate "2014.04.02"]
[EventType "swiss"]
[EventRounds "5"]
[EventCountry "CAN"]
[SourceTitle "EXT 2022"]
[Source "ChessBase"]
[SourceDate "2021.10.06"]
[SourceVersion "1"]
[SourceVersionDate "2021.10.06"]
[SourceQuality "1"]

1. e4 c5 2. Ne2 e6 3. g3 a6 4. c3 d5 5. Bg2 dxe4 6. Bxe4 Nf6 7. Bg2 Be7 8. 0-0 0-0 9. d4 Nc6 10. h3 cxd4 11. cxd4 Nb4 12. Nbc3 Nbd5 13. Nxd5 Nxd5 14. Nf4 Bf6 15. Nxd5 exd5 16. Qb3 Bxd4 17. Rd1 Qf6 18. Be3 Bxe3 19. Qxe3 Qxb2 20. Bxd5 Bxh3 21. Rab1 Qc2 22. Rdc1 Qf5 23. Be4 Qe6 24. Rb6 Qxa2 25. Bb1 Qd5 26. Be4 Qh5 27. Rc5 Qd1+ 28. Kh2 Be6 29. Bc2 Qg4 30. Be4 Qh3+ 31. Kg1 Rad8 32. Rb1 h6 33. Bg2 Qg4 34. Bf3 Qd4 35. Qa3 Qd3 36. Qxd3 Rxd3 37. Bxb7 Rfd8 38. Bxa6 Rd1+ 39. Rxd1 Rxd1+ 40. Kg2 Bd5+ 41. Kh3 h5 42. Kh4 Rh1+ 43. Kg5 Be6 44. Kf4 h4 45. gxh4 Rxh4+ 46. Ke3 Ra4 47. Bc8 Rc4 48. Rxc4 Bxc4 49. Kf4 Kf8 50. Ke5 Ke7 51. f4 f6+ 52. Kd4 Be6 53. Ba6 Kd6 54. Bd3 g5 55. fxg5 fxg5 56. Be2 Bf5 57. Bh5 Ke6 58. Bf3 Bh3 59. Ke4 Kf6 60. Bh1 Bf5+ 61. Kf3 Ke5 62. Kg3 Be6 63. Bf3 Kf5 64. Bg4+ Kf6 65. Bxe6 Kxe6 66. Kg4 Kf6 67. Kg3 Kf7 68. Kg4 Kg6 69. Kg3 Kf5 70. Kf3 g4+ 71. Kg3 Kg5 72. Kg2 Kf4 73. Kf2 Ke4 74. Kg3 Kf5 75. Kg2 Kf4 76. Kf2 g3+ 77. Kg2 Kg4 78. Kg1 Kf3 1/2-1/2

[Event "Montreal Mercredi 02"]
[Site "Montreal"]
[Date "2014.03.19"]
[Round "5"]
[White "O'Connor, Michael"]
[Black "Khudaverdian, Berj"]
[Result "1-0"]
[WhiteElo "1753"]
[BlackElo "1720"]
[PlyCount "123"]
[EventDate "2014.02.19"]
[EventType "swiss"]
[EventRounds "5"]
[EventCountry "CAN"]
[SourceTitle "EXT 2022"]
[Source "ChessBase"]
[SourceDate "2021.10.06"]
[SourceVersion "1"]
[SourceVersionDate "2021.10.06"]
[SourceQuality "1"]

1. d4 Nf6 2. Nf3 d6 3. c4 g6 4. Nc3 Bg7 5. e4 0-0 6. Be2 e5 7. Be3 Na6 8. a3 Ng4 9. Bg5 Qe8 10. d5 f6 11. Bh4 f5 12. Nd2 Nf6 13. 0-0 h6 14. f3 g5 15. Bf2 f4 16. b4 b6 17. Rc1 Bb7 18. Nb3 Rd8 19. c5 Rf7 20. cxd6 cxd6 21. Nb5 Bf8 22. Nd2 Qd7 23. Rc3 Ne8 24. Qc2 Rc8 25. Rc1 Rxc3 26. Qxc3 Nb8 27. Nxa7 Ba6 28. Bxa6 Qxa7 29. Be2 Rc7 30. Qb2 Rg7 31. Rc3 Qb7 32. Qc1 Nf6 33. Nc4 Nbd7 34. Nb2 g4 35. Rc7 Qa8 36. Nc4 gxf3 37. Bxf3 b5 38. Nb6 Nxb6 39. Rxg7+ Bxg7 40. Bxb6 Qa6 41. Bf2 h5 42. h3 Qa4 43. Bd1 Qa8 44. Bf3 Qa4 45. Kh1 Qb3 46. Bh4 Qc4 47. Qxc4 bxc4 48. Bxf6 Bxf6 49. a4 c3 50. Bd1 Bd8 51. Kg1 Kg7 52. Kf2 Kg6 53. Kf3 Kg5 54. a5 Bc7 55. Ke2 f3+ 56. Kxf3 h4 57. Ke3 Bb8 58. Kd3 Kf4 59. Bf3 c2 60. Kxc2 Ke3 61. Kc3 Ba7 62. Kc4 1-0